Aufs Wasser schreiben vorgelegt von Herrn Anton Spitaler am 9. Dez. 1988

Bibliographic Details
Main Author: Ullmann, Manfred (Author)
Format: Book
Language:German
PhysicalDescription:29 s. 8°
Published: München Bayerische Akademie der Wissenschaften 1989
ISBN:3 7696 1549 2
Series:Beiträge zur Lexikographie des Klassischen Arabisch

MARC

LEADER 00000nam a2200000 a 4500
001 vtls001374895
003 SK-MaSNL
005 20260301011139.0
008 251113s1989 DE 0 ger
020 |a 3 7696 1549 2 
035 |a SNK000328791 
040 |a SNK  |b slo  |c SNK  |e AACR2 
041 0 |a ger 
044 |a DE 
100 1 |a Ullmann, Manfred  |4 aut  |9 288427 
245 1 0 |a Aufs Wasser schreiben  |b vorgelegt von Herrn Anton Spitaler am 9. Dez. 1988  |c Manfred Ullmann 
260 |a München  |b Bayerische Akademie der Wissenschaften  |c 1989 
300 |a 29 s.  |c 8° 
490 1 |a Beiträge zur Lexikographie des Klassischen Arabisch  |v nr. 7 
830 0 |a Beiträge zur Lexikographie des Klassischen Arabisch  |9 294079 
919 |a 3 7696 1549 2 
958 |a RK 
958 |a OND 
999 |c 550098  |d 552028 
952 |t P60, <04>, [BOOK], {604}  |a SNK  |b SNK  |y VYP  |7 0  |o snkIC 114219  |i snkV 543/90  |0 0  |1 0  |4 0  |d 1999-10-18  |l 0  |r 2005-01-02 00:00:00  |w 2026-02-23